000 00628nam a2200217Ia 4500
005 20250508152912.0
008 008 250505s9999 xx 000 0 eng d
037 _aBooks to be hide in OPAC
040 _aFEDL
_beng
_cFEDL
041 _aeng
_2eng
084 _a001, MUK
_qFEDL
100 _aMukherjee A
245 0 _aCurrent affairs 1962: A handbook of general knowledge and current affairs
250 _a14
260 _aCalcutta, India
_bMukherjee and Co., Pvt. Ltd.
_c1962
300 _axxxvi, 736p.
365 _aINR
_b5
650 _aGeneralia
942 _cHB
_h001, MUK
999 _c1339516
_d1339516